| 000 | 00552cam a2200193 4500500 | ||
|---|---|---|---|
| 005 | 20260405001713.0 | ||
| 041 | _afre | ||
| 042 | _adc | ||
| 100 | 1 | 0 |
_aDuru, Martin _eauthor |
| 245 | 0 | 0 | _aÉpicure et le bonheur |
| 260 | _c2014. | ||
| 500 | _a32 | ||
| 690 | _aBonheur | ||
| 690 | _aÉpicurisme | ||
| 690 | _aMarcel Conche | ||
| 690 | _aNature | ||
| 786 | 0 | _nPhilosophie magazine | 76 | 2 | 2014-02-01 | p. 42-42 | 1951-1787 | |
| 856 | 4 | 1 | _uhttps://shs.cairn.info/magazine-philosophie-magazine-2014-2-page-42?lang=fr&redirect-ssocas=7080 |
| 999 |
_c2050193 _d2050193 |
||